000 00249 a2200109 4500
001 10613
090 _c8216
_d8216
100 _aMerrill Ivan Skolnik
245 _aIntroduction to radar systems
250 _a1
260 _aNY
_bMcGraw-Hill
_c1969
942 _aNUST-CAE
_k621.3848 SKO
999 _c245686
_d245686